000
00287nam a22001337a 4500
008
170915b xxu||||| |||| 00| 0 eng d
020
_a
9780131584297
041
_a
eng
080
_a
7
100
_a
44
101
_a
ART
245
_a
HISTORY OF ART
_c
JANSON.H.W
942
_2
udc
_c
BK
999
_c
27779
_d
27779